Science Quiz

Random Science or Animal Quiz

Hi, Hippopotamus! Where You From? Quiz Stats

 Plays Quiz Updated Jan 6, 2019

     
Support Sporcle.
Go Orange.
Score 0/39 Timer 04:00
1 Play Today
Hippo Homelands % Correct
South Africa
93.2%
Kenya
87.2%
Niger
84.7%
Nigeria
83%
Sudan
81%
Zimbabwe
80.4%
Democratic Republic of Congo
79.4%
Republic of the Congo
79.2%
Ethiopia
77.4%
Chad
77.3%
Tanzania
76%
Rwanda
74.3%
South Sudan
74.3%
Uganda
73.9%
Zambia
73.5%
Angola
72.1%
Somalia
71.5%
Ghana
71.3%
Botswana
71.3%
Mali
70.8%
Hippo Homelands % Correct
Central African Republic
69.2%
Namibia
68.8%
Cameroon
68.1%
Mozambique
67%
Côte d'Ivoire
66.3%
Togo
64.6%
Eswatini
64.5%
Guinea
64.5%
Liberia
63.9%
Senegal
61.6%
Malawi
61.3%
Benin
61.1%
Burundi
60.9%
Gambia
60.2%
Gabon
59.3%
Guinea-Bissau
56.2%
Equatorial Guinea
56.1%
Burkina Faso
55.8%
Sierra Leone
55.2%

From the Vault

Historic Battles (A-Z)

by wolfeman

History 7m
You'll have to pick your battles wisely to get through this quiz.
Remove Ads.
Support Sporcle.
Get the best of Sporcle when you Go Orange. This ad-free experience offers more features, more stats, and more fun while also helping to support Sporcle. Thank you for becoming a member.

Show Comments

Extras

Top Quizzes Today


Score Distribution

Your Account Isn't Verified!

In order to create a playlist on Sporcle, you need to verify the email address you used during registration. Go to your Sporcle Settings to finish the process.

Report this User

Report this user for behavior that violates our Community Guidelines.

Details: